Italian : one step at a time (Record no. 221886)

MARC details
000 -LEADER
fixed length control field 00498nam a2200181Ia 4500
008 - FIXED-LENGTH DATA ELEMENTS--GENERAL INFORMATION
fixed length control field 191130s2009##################000#0#eng##
020 ## - INTERNATIONAL STANDARD BOOK NUMBER
ISBN 9780600619505
082 ## - DEWEY DECIMAL CLASSIFICATION NUMBER
Classification number 641.594 ZAV
100 ## - MAIN ENTRY--AUTHOR NAME
Personal name Zavan, Laura
245 ## - TITLE STATEMENT
Title Italian : one step at a time
Statement of responsibility, etc Laura Zavan, Pierre Javelle
260 ## - PUBLICATION, DISTRIBUTION, ETC. (IMPRINT)
Place of publication London
Name of publisher Hamlyn
Year of publication 2009
300 ## - PHYSICAL DESCRIPTION
Number of Pages 82 p. : ill. ; 25 cm
650 ## - SUBJECT ADDED ENTRY--TOPICAL TERM
Topical Term Cooking, Italian
991 ## -
-- 315617
Holdings
Withdrawn status Lost status Damaged status Not for loan Home library Current library Shelving location Date acquired Full call number Accession Number Price effective from Koha item type
        Anna Centenary Library Anna Centenary Library 6TH FLOOR, A WING 13.10.2020 641.594 ZAV 362839 13.10.2020 English Books

Find us on the map